| 000 | 00596nam a2200205 a 4500 | ||
|---|---|---|---|
| 001 | BRCA_1921 | ||
| 005 | 20190320203614.0 | ||
| 008 | 850430m19802006sp-a#####b---#001-0#spa-d | ||
| 020 | _a8423952002 (Obra completa) | ||
| 041 | _aspa | ||
| 044 | _asp | ||
| 050 | 4 |
_aN5300 _b.S97 1980 |
|
| 245 | 1 | 0 |
_aSumma Artis _bhistoria general del arte. |
| 260 |
_aMadrid _bEspasa-Calpe _c1980-2006 |
||
| 300 |
_a36 v. _bil. (algunas a color), mapas, láminas, planos _c27 cm. |
||
| 504 | _aIncluye referencias bibliográficas e índice | ||
| 650 | 1 | 4 |
_aArte _xHistoria _95924 |
| 902 | _aREF | ||
| 942 |
_2lcc _cB |
||
| 999 |
_c1693 _d1693 |
||